<?xml version="1.0" encoding="UTF-8"?>
<record
    xmlns:xsi="http://www.w3.org/2001/XMLSchema-instance"
    xsi:schemaLocation="http://www.loc.gov/MARC21/slim http://www.loc.gov/standards/marcxml/schema/MARC21slim.xsd"
    xmlns="http://www.loc.gov/MARC21/slim">

  <leader>01147nam a22002537a 4500</leader>
  <datafield tag="952" ind1=" " ind2=" ">
    <subfield code="a">0001</subfield>
    <subfield code="b">0001</subfield>
    <subfield code="d">2019-03-26</subfield>
    <subfield code="l">0</subfield>
    <subfield code="o">956.226015 M23 2011</subfield>
    <subfield code="p">019114</subfield>
    <subfield code="r">2019-03-26 00:00:00</subfield>
    <subfield code="t">c.5</subfield>
    <subfield code="w">2019-03-26</subfield>
    <subfield code="y">BKS</subfield>
  </datafield>
  <datafield tag="999" ind1=" " ind2=" ">
    <subfield code="c">13067</subfield>
    <subfield code="d">13067</subfield>
  </datafield>
  <controlfield tag="003">MIRAKIL</controlfield>
  <controlfield tag="005">20190326151217.0</controlfield>
  <controlfield tag="008">190326b        tu ||||| |||| 00| 0 tur d</controlfield>
  <datafield tag="020" ind1=" " ind2=" ">
    <subfield code="a">9786053603498</subfield>
  </datafield>
  <datafield tag="040" ind1=" " ind2=" ">
    <subfield code="a">TR-AnCHP</subfield>
    <subfield code="c">TR-AnCHP</subfield>
  </datafield>
  <datafield tag="041" ind1=" " ind2=" ">
    <subfield code="a">tur</subfield>
  </datafield>
  <datafield tag="082" ind1=" " ind2=" ">
    <subfield code="a">956.226015</subfield>
    <subfield code="b">M23 2011</subfield>
  </datafield>
  <datafield tag="245" ind1="1" ind2="0">
    <subfield code="a">Mahkeme kay&#x131;tlar&#x131; &#x131;&#x15F;&#x131;&#x11F;&#x131;nda 17. y&#xFC;zy&#x131;l &#x130;stanbul'unda sosyo ekonomik ya&#x15F;am =social and economic life in seventeenth century Istanbul glimpses from court records /</subfield>
    <subfield code="c">yay&#x131;na haz&#x131;rlayan: Timur Kuran </subfield>
  </datafield>
  <datafield tag="260" ind1=" " ind2=" ">
    <subfield code="a">&#x130;stanbul:</subfield>
    <subfield code="b">T&#xFC;rkiye &#x130;&#x15F; Bankas&#x131; K&#xFC;lt&#xFC;r Yay&#x131;nlar&#x131;,</subfield>
    <subfield code="c">2011.</subfield>
  </datafield>
  <datafield tag="300" ind1=" " ind2=" ">
    <subfield code="a">c. &lt;5&gt; ; 584 s.:</subfield>
    <subfield code="b">res.;</subfield>
    <subfield code="c">24 sm.</subfield>
  </datafield>
  <datafield tag="490" ind1="0" ind2=" ">
    <subfield code="a">T&#xFC;rkiye &#x130;&#x15F; Bankas&#x131; K&#xFC;lt&#xFC;r Yay&#x131;nlar&#x131; ;</subfield>
    <subfield code="v">genel yay&#x131;n: 2320</subfield>
  </datafield>
  <datafield tag="505" ind1=" " ind2=" ">
    <subfield code="a">&#x130;&#xE7;indekiler: 5. cilt: Vak&#x131;flar (1602-17)</subfield>
  </datafield>
  <datafield tag="650" ind1=" " ind2="0">
    <subfield code="9">710</subfield>
    <subfield code="a">Osmanl&#x131; &#x130;mparatorlu&#x11F;u</subfield>
    <subfield code="x">Tarih</subfield>
    <subfield code="y">1602-1617</subfield>
  </datafield>
  <datafield tag="651" ind1=" " ind2="0">
    <subfield code="9">5576</subfield>
    <subfield code="a">&#x130;stanbul  (T&#xFC;rkiye)</subfield>
    <subfield code="x">Sosyal ya&#x15F;am</subfield>
    <subfield code="y">1602-1617</subfield>
  </datafield>
  <datafield tag="651" ind1=" " ind2="0">
    <subfield code="9">5576</subfield>
    <subfield code="a">&#x130;stanbul  (T&#xFC;rkiye)</subfield>
    <subfield code="x">Ekonomik ya&#x15F;am</subfield>
    <subfield code="y">1602-1617</subfield>
  </datafield>
  <datafield tag="700" ind1=" " ind2=" ">
    <subfield code="9">5577</subfield>
    <subfield code="a">Kuran, Timur</subfield>
    <subfield code="e">yay. haz.</subfield>
  </datafield>
  <datafield tag="856" ind1=" " ind2=" ">
    <subfield code="z">Dijital N&#xFC;shas&#x131; i&#xE7;in Partimizin K&#xFC;t&#xFC;phane Sorumlusu ile ileti&#x15F;ime ge&#xE7;iniz.</subfield>
  </datafield>
  <datafield tag="942" ind1=" " ind2=" ">
    <subfield code="2">ddc</subfield>
    <subfield code="c">BKS</subfield>
  </datafield>
</record>
